000 00694nam a2200241Ia 4500
003 OSt
005 20220918225702.0
006 a|||||r|||| 00| 0
007 ta
008 220917b |||||||| |||| 00| 0 eng d
024 _a244,647
037 _cTextual
040 _aARTS
_cARTS
_beng
041 _2eng
_aeng
082 _aZ73:8821wM41, H4;J7
100 _aBowen Catherine Drinker
_921873
245 0 _aYankee from olympus
_b Justice holmes and his family
260 _aNew York
_bBantam Books, Inc. U.S.A
_c1957
300 _a322p.
_ccm.
650 _aLAW
_97240
942 _hZ73:8821wM41, H4;J7
_cTEXL
_2CC
999 _c285627
_d285627